Central Library OPAC University of Rajshahi

Cases on the law of contract / (Record no. 46524)

MARC details
000 -LEADER
fixed length control field 00823nam a2200253 a 4500
001 - CONTROL NUMBER
control field 46524
003 - CONTROL NUMBER IDENTIFIER
rucl marc code BD-RjUL
005 - DATE AND TIME OF LATEST TRANSACTION
control field 20211209054150.0
008 - FIXED-LENGTH DATA ELEMENTS--GENERAL INFORMATION
fixed length control field 160802s1954 enk 000 0 eng
035 ## - SYSTEM CONTROL NUMBER
System control number (BD-RjUL) 46643
-- (CStRLIN)MIUL89-B4531
System control number (MiU-L)b10671870
040 ## - CATALOGING SOURCE
Original cataloging agency DLC
Transcribing agency CSt-Law
Modifying agency MiU-L
-- BD-RjUL
Language of cataloging eng
041 ## - LANGUAGE CODE
Language code of text/sound track or separate title eng
082 04 - DEWEY DECIMAL CLASSIFICATION NUMBER
Edition number 22
Classification number 346.02
Author mark and year CHC 1954
100 1# - MAIN ENTRY--PERSONAL NAME
Personal name Cheshire, G. C.
Fuller form of name (Geoffrey Chevalier),
Dates associated with a name 1886-1978.
9 (RLIN) 13893
245 10 - TITLE STATEMENT
Title Cases on the law of contract /
Statement of responsibility, etc. G.C. Cheshire, C.H.S. Fifoot.
250 ## - EDITION STATEMENT
Edition statement 2nd ed.
260 ## - PUBLICATION, DISTRIBUTION, ETC. (IMPRINT)
Place of publication, distribution, etc. London :
Name of publisher, distributor, etc. Butterworth,
Date of publication, distribution, etc. c1954
300 ## - PHYSICAL DESCRIPTION
Pagination xxiii, 447 p. ;
Size 25 cm.
650 #0 - SUBJECT ADDED ENTRY--TOPICAL TERM
Topical term or geographic name as entry element Contracts
Geographic subdivision Great Britain
Form subdivision Cases.
9 (RLIN) 14109
700 1# - ADDED ENTRY--PERSONAL NAME
Personal name Fifoot, C. H. S.
Fuller form of name (Cecil Herbert Stuart),
Dates associated with a name 1899-1975.
942 ## - ADDED ENTRY ELEMENTS (KOHA)
Source of classification or shelving scheme Dewey Decimal Classification
Koha item type Books
Holdings
Lost status Source of classification or shelving scheme Damaged status Not for loan Collection code Permanent Location Current Location Shelving location Date acquired Source of acquisition Cost, normal purchase price Total Checkouts Full call number Date last seen Copy number Koha item type
  Dewey Decimal Classification     Non-fiction Central Library, University of Rajshahi Central Library, University of Rajshahi   13/12/1955 Allies books 32.80   346.02 CHC 1954 02/08/2016 C-2 Books